Dom smútku, Pezinok

Salvato in:
Dettagli Bibliografici
Autore principale: Šimko, Stanislav (Autore)
Altri autori: Závodný, Ľubomír (Relatore della tesi)
Natura: Manoscritto Libro
Lingua:slovacco
Pubblicazione: Bratislava 2023
Soggetti:
Accesso online:http://is.stuba.sk/zp/portal_zp.pl?podrobnosti=159450
Tags: Aggiungi Tag
Nessun Tag, puoi essere il primo ad aggiungerne!!

MARC

LEADER 00000ntm a22000003a 4500
001 stuzp94614
003 SK-STU
005 20231004080712.1
007 ta
008 150427s2015----xo-----f-mn---000-0-slo-d
040 |a STU  |b slo 
041 0 |a slo 
100 1 |a Šimko, Stanislav  |u 051110  |4 aut  |U FAD Fakulta architektúry a dizajnu  |T FAD Ústav architektúry obytných budov  |X 105764  |U A1110  |Y 392  |7 105764 
242 0 1 |a Funeral Hall, Pezinok, Slovakia  |y eng 
245 1 0 |a Dom smútku, Pezinok 
260 |c 2023  |a Bratislava 
650 4 |a kruh  |2 slo 
650 4 |a špirála  |2 slo 
650 4 |a krivka  |2 slo 
650 4 |a kolumbárium  |2 slo 
650 4 |a dom smútku  |2 slo 
650 4 |a posmrtný život  |2 slo 
650 4 |a circle  |2 eng 
650 4 |a spiral  |2 eng 
650 4 |a curve  |2 eng 
650 4 |a colimbarium  |2 eng 
650 4 |a afterlife  |2 eng 
650 4 |a house of mourning  |2 eng 
700 1 |a Závodný, Ľubomír  |4 ths  |X 45410  |7 45410 
856 4 |u http://is.stuba.sk/zp/portal_zp.pl?podrobnosti=159450  |u https://opac.crzp.sk/?fn=detailBiblioForm&sid=C03CB0FBA6588971D1302AD1B6BF